000 00499nam a2200193Ia 4500
005 20260429112036.0
008 260429s9999||||xx |||||||||||||| ||und||
020 _a9781806960835
041 _aEnglish
082 _a005.133
_bHAI
100 _aHaigh, Thomas
245 0 _aMATLAB :
_ban introduction /
_cThomas Haigh
260 _aLondon :
_bRadiant Pages,
_c2026.
300 _avi, 292 p.; hb
650 _a Numerical computing
650 _a Programming
650 _aMATLAB
942 _cTB
999 _c52049
_d52049